000 01255nam a2200325 a 4500
001 000011444
003 OSt
005 20260321073639.0
008 091019s2006 dr 001 j spa d
020 _a9945410148
040 _aDO-SdBNP
_bspa
_cBNPHU
049 _aBNPD
082 _aRD863.509
_bF475e
100 1 _aFigueroa, Ramón A.
_d1956-
_927127
245 1 4 _aLos equilibristas :
_bEmilio S. Belaval, Juan Bosch, Lino Novás Calvo y el cuento del Caribe Hispano (1930-1940) /
_cRamón A. Figueroa.
260 _aSanto Domingo :
_bLetra Gráfica,
_c2006.
300 _a231 p. ;
_c23 cm.
500 _aIncluye datos biográficos del autor en la contraportada.
504 _aBibliografía: p. 225-231.
600 1 4 _aBelaval, Emilio S.,
_d1903-1972
_xCrítica e interpretación
_927128
600 1 4 _aNovás Calvo, Lino,
_d1905-1987
_xCrítica e interpretación
_927129
600 1 0 _a Bosch, Juan,
_d1909-2001
_976555
650 0 _aEnsayos dominicanos
_965
650 4 _aCuentos caribeños
_xColecciones
_927130
650 4 _aCuentos caribeños
_xHistoria y crítica
_927131
650 4 _aLiteratura caribeña
_xHistoria y crítica
_917622
650 0 _aLiteratura dominicana.
_967
910 _aValidado. Control de calidad EMS
942 _2ddc
_cLBS1
999 _c11145
_d11145